| 000 | 00448nam a2200193Ia 4500 | ||
|---|---|---|---|
| 003 | 0 | ||
| 005 | 20251106111822.0 | ||
| 008 | 200601s9999 xx 000 0 und d | ||
| 020 | _a978-1-4013-9803-3 | ||
| 050 | _aFIC Al4fi | ||
| 050 | _b2003 | ||
| 100 | _aAlbom, Mitch | ||
| 245 | 4 | _aThe Five people you meet in heaven / | |
| 260 | _aNew York : | ||
| 260 | _bHachette Books. | ||
| 260 | _c2003 | ||
| 300 | _a196 pages : | ||
| 942 |
_2lcc _cBK |
||
| 999 |
_c363432 _d363432 |
||